00843cam a2200241 a 450000100060000000300080000600500170001400800410003103500190007204000270009104100080011808200340012610000410016024500960020126000500029730000450034750000200039250400300041260000460044265000190048865100450050765100490055225770BD-RjUL20211209050927.0140319s1980 ii j b 001 0beng d a(BD-RjUL)25840 aDLCcDLCdBD-RjULbeng aeng00a954.1402960924219bMUD 19801 aMukhopadhyay, Subhas Chandra,d1938-10aDiwani in Bengal, 1765 :bcareer of Nawab Najm-ud-Daulah /cby Subhas Chandra Mukhopadhyay. aVaranasi :bVishwavidyalaya Prakashan,c1980. aviii, 205 p. :bgeneal. tables ;c22 cm. aIncludes index. aBibliography: p. 195-198.00aNajm-ud-Daulah,cNawab of Bengal,d-1766. aBengal (India) 0aBengal (India)xPolitics and government. 0aBengal (India)xKings and rulersxBiography.